Teaching hearing-impaired children in regular classrooms /

Bibliographic Details
Main Author: Blackwell, Peter M.
Corporate Authors: ERIC Clearinghouse on Languages and Linguistics, Center for Applied Linguistics, National Institute of Education (U.S.)
Format: Government Document Book
Language:English
Published: Washington, D.C. : Center for Applied Linguistics, 1983.
Washington, D.C. : [1983]
Series:Language in education ; 54.
Subjects:

MARC

Tag First Indicator Second Indicator Subfields
LEADER 00000cam a2200000 a 4500
001 in00000007258
005 20151005060019.0
008 840628s1983 dcu b f000 0 eng d
019 |a 10910429  |a 1124636896  |a 1201874840 
020 |a 0872813258 
029 1 |a AU@  |b 000003404006 
035 |a (OCoLC)10896733 
037 |a ED 233590  |b ERIC 
040 |a OKS  |b eng  |c OKS  |d GPO  |d ECL  |d OCL  |d DEBBG  |d NIE  |d OCLCQ  |d OCLCF  |d OCLCQ  |d VGM  |d CUS  |d OCLCQ  |d OCLCO 
043 |a n-us--- 
049 |a TXAM 
050 4 |a HV2437  |b .B55 1983 
074 |a 466-A-3 (microfiche) 
082 0 4 |a 371.912  |b B632t 
084 |a DT 4000  |2 rvk 
086 0 |a ED 1.310/2:233590 
100 1 |a Blackwell, Peter M. 
245 1 0 |a Teaching hearing-impaired children in regular classrooms /  |c Peter M. Blackwell. 
260 |a Washington, D.C. :  |b Center for Applied Linguistics,  |c 1983. 
264 1 |a Washington, D.C. :  |b Center for Applied Linguistics,  |c [1983] 
264 4 |c ©1983 
300 |a vi, 49 pages ;  |c 23 cm 
336 |a text  |b txt  |2 rdacontent 
337 |a unmediated  |b n  |2 rdamedia 
338 |a volume  |b nc  |2 rdacarrier 
490 1 |a Language in education : theory & practice ;  |v 54 
500 |a "Prepared with funding from the National Institute of Education, U.S. Department of Education under contract number 400-82-0009"--Title page verso. 
500 |a Distributed to depository libraries in microfiche. 
500 |a "July 1983"--Title page verso. 
500 |a Stamped on title page: ED233590. 
500 |a ISBN 0-87281-325-8. 
504 |a Includes bibliographical references (pages 41-43). 
530 |a Also available online from the ERIC website. 
650 0 |a Deafness in children. 
710 2 |a ERIC Clearinghouse on Languages and Linguistics. 
710 2 |a Center for Applied Linguistics. 
710 2 |a National Institute of Education (U.S.) 
776 0 8 |i Online version:  |a Blackwell, Peter M.  |t Teaching hearing-impaired children in regular classrooms.  |d Washington, D.C. : Center for Applied Linguistics, 1983  |w (OCoLC)1084007285 
830 0 |a Language in education ;  |v 54. 
999 |a MARS 
999 f f |s 170b0f49-07c0-38d2-bd0f-8f6ac2521872  |i 4b7066c2-2af2-3d46-9f37-56f0ba576f84  |t 0 
952 f f |p ric  |a Texas A&M University  |b Rellis Campus  |c Joint Library Facility  |s JLF  |d Remote Storage  |t 0  |e HV2545 .B52 1983  |h Library of Congress classification  |i unmediated -- volume  |m A14810798107